000 01079pam a2200289 a 4500
001 2053365
003 OSt
005 20160531145940.0
008 931215s1994 vau bf 001 0 eng
010 _a 93049379
020 _a9780871202284
040 _aDLC
_cDLC
_dDLC
050 0 0 _aLB 1025.3
_b.H37 1994
082 0 0 _aGLT 371.02
_bH22 1994
100 1 _aHarmin, Merrill.
_922323
245 1 0 _aInspiring active learning :
_ba handbook for teachers /
_cMerrill Harmin.
260 _aAlexandria, Va. :
_bAssociation for Supervision and Curriculum Development,
_c1994.
300 _a198 p. :
_c23 cm.
500 _aIncludes bibliographical references (p. 184-192) and index.
650 0 _aTeaching
_xHandbooks, manuals, etc.
_922324
650 0 _aMotivation in education
_xHandbooks, manuals, etc.
_922325
650 0 _aActive learning
_xHandbooks, manuals, etc.
_922326
906 _a7
_bcbc
_corignew
_d1
_eocip
_f19
_gy-gencatlg
942 _2lcc
_cBK
999 _c12477
_d12477